000 00901nam a22003377b 4500
001 0002105
003 DO-SdBNP
005 20240228122727.0
007 0002105
008 060524s2010 mx || ||spa
017 _a
_b
020 _a9789707706118
035 _a
040 _aBPMSU
_bspa
_cBPMSU
_e
082 4 _aA863.6
_bS236i 2010
_222
100 1 _aSantis, Pablo de
_d1963-
245 1 3 _aEl inventor de juegos /
_h
_cPablo de Santis
250 _a
260 _aMéxico :
_bAlfaguara,
_c2010
300 _a242 p.:
_bil.;
_c22 cm
490 0 _aAfaguara atrévete
650 4 _aNovela juvenil argentina.
650 4 _aViajes
_vNovela juvenil
650 4 _aNovela de aventuras.
650 4 _aMisterio
_vNovela juvenil.
910 _aVMateo V. Control de calidad. BPMSU
942 _2ddc
_cBK
980 _a
_a
_a
_b
_j
_c
980 _a
_a
_a
_j
980 _a
_a
_a
_b
_j
_c
999 _c10612
_d10612